000 00827cam a2200253 4500
001 D3692
008 090401t xxu||||| |||| 00| 0 eng d
035 _a(Sirsi) u74476
041 _aeng
050 _a692.9
_c18
110 _aFederation of Building Specialist Contractors
_9457
245 _aPractical guidance on sub-contract procedures
260 _aLondon
_bThe Federation of Building Specialist Co
_c1983?
300 _a28p.
_c30cm
350 _a0
520 _aReport on a conference held on 15th November 1983 at the Cavendish Conference Centre.
650 _aJCT STANDARD FORM OF BUILDING CONTRACT (1980 EDITION)
650 _aPRE-CONTRACT PRACTICE
650 _aPRE-CONTRACT PROCEDURES
650 _aSUBCONTRACTS
690 _aBUILT ENVIRONMENT-BUILDING CONTRACT FORMS
942 _n0
948 _c04/03/1997
999 _c95860
_d95860